000 00329nam a22001457a 4500
003 macl
005 20170517173821.0
008 170517b xxu||||| |||| 00| 0 eng d
040 _cmacl
082 _a910
100 _aNCERT
_94590
245 _aThe Earth : Our Habitat Class VI
650 _aGeography
_967139
942 _2ddc
_cBK
999 _c56329
_d56329